1316 1263 1379 1022 1224 1062 1580 1385 1650 1496 1360 1548 1161 1102 1899 1211 1167 1711 1052 1344 1601 1810 1048 1651 1006 1984 1444 1320 1255 1923 1747 1368 1608 1461 1812 1938 1212 1593 1944 1960 1391 1316 1474 1441 1058 1883 1497 1720 1329 1766 1987 1554 1451 1460 1390 1344 1361 1617 1296 1565 1422 1160 1698 1023 1061 1169 1492 1247 1871 1337 1126 1042 1341 1324 1717 1993 1336 1058 1032 1061 1871 1142 1955 1306 1097 1085 1325 1712 1786 1305 1925 1643 1449 1295 1783 1576 1588 1016 1109 BCNSPRNW ULIB Ver.6.0+V

เปลี่ยนเป็นภาษาไทย

Change to English
 แสดงรายละเอียดบรรณานุกรม
  กลับหน้าหลัก

Brief Record : Get Marc (ISO 2709) : E-mail record : QR code < ปิดหน้าต่าง
LEADER : 00000nam 2200000uu 4500
001    13399112885
003     ULIB
008    110915s2554||||th 000 0 tha d
024    9786165301343
050  4 TX801^bจ379ม 2554
100 0  บรรณาธิการอาหารและสุขภาพ
245 00 มังสวิรัติอาหารเพื่อสุขภาพ 2 /^cบรรณาธิการอาหารและสุขภาพ
260    กรุงเทพฯ :^bแม่บ้าน,^c2554
300    146 หน้า ;^bภาพประกอบ ^c19 ซม.
650  4 มังสวิรัติ
650  4 อาหารมังสวิรัติ
650  4 โภชนาการ
700 0  จำลองลักษณ์
945    ^p170^l0^i030532
945    ^p170^l0^i030533
995    เกษร
999 ^a ใช้งานได้ทุกระบบ
รายการนี้ยังไม่มีแท็ก
คุณยังไม่ได้ล็อกอิน คุณสามารถมีกิจกรรมร่วมกับเว็บไซต์ได้ แต่ต้องล็อกอินก่อน ::
  ล็อกอิน

รายการสื่อสารสนเทศ

ลำดับที่ ประเภท เลขเรียก/บาร์โค้ด สถานที่ สถานะ
- ไม่พบข้อมูล -

รายการใกล้เคียง
    หัวเรื่อง [มังสวิรัติ]
    หัวเรื่อง [อาหารมังสวิรัติ]
    หัวเรื่อง [โภชนาการ]

BibComment


ยังไม่เคยถูกคอมเมนท์

คอมเมนท์ทรัพยากรรายการนี้
  คอมเมนท์: มังสวิรัติอาหารเพ..


 Copyright 2026. Bcnsprnw @Library